LIBRARY & INFORMATION CENTRE, KCAET, TAVANUR

ONLINE PUBLIC ACCESS CATALOGUE (OPAC)

Rewiew of tropical plant pathology, vol.lll / (Record no. 2705)

MARC details
000 -LEADER
fixed length control field 00499cam a2200181ua 4500
020 ## - INTERNATIONAL STANDARD BOOK NUMBER
ISBN 81 7019 302 8
041 ## - LANGUAGE CODE
Language code of text/sound track or separate title eng
082 ## - DEWEY DECIMAL CLASSIFICATION NUMBER
Classification number 632
Item number RAY/RE
100 ## - MAIN ENTRY--AUTHOR NAME
Personal name Raychaudhari, S P .
245 ## - TITLE STATEMENT
Title Rewiew of tropical plant pathology, vol.lll /
260 ## - PUBLICATION, DISTRIBUTION, ETC. (IMPRINT)
Place of publication Newdelhi :
Name of publisher Today and tomorrows printers ,
Year of publication 1986.
300 ## - PHYSICAL DESCRIPTION
Number of Pages 584 ; .
700 1# - ADDED ENTRY--PERSONAL NAME
Personal name Verma , J P .
942 ## - ADDED ENTRY ELEMENTS (KOHA)
Koha item type Books
Holdings
Withdrawn status Lost status Damaged status Home library Current library Date acquired Full call number Accession Number Koha item type
      KAUAET KAUAET 07/04/2012 632 20377 Books
free website counter